000 00735nam a2200229Ia 4500
001 8810
003 GE_BSU
008 181216s||||||||xx |||||||||||||| ||und||
040 _cGE_BSU
080 _a821.353.1–31
100 _aკალანდაძე,ალექსანდრე
245 _aსიცოცხლის ხარკი
245 _bრომანი
245 _cრედ.გ.გვერდწითელი;მხატვ.ჯ. ზენაიშვილი
260 _aთბილისი
260 _bმერანი
260 _c1988
300 _a431გვ.20სმ.ილ.
653 _aრომანი
653 _aსიცოცხლის ხარკი
942 _cBK
999 _c42119
_d42119